[Event "XXXVII Olimpiadi"]
[Site "Torino ITA"]
[Date "2006.05.29"]
[Round "8.4"]
[White "Liiva, Riho"]
[Black "Contin, Daniel"]
[Result "1/2-1/2"]
[WhiteElo "2411"]
[BlackElo "2396"]
[Annotator "ITA1-EST"]
[PlyCount "125"]
[EventDate "2006.05.21"]

1. e4 e6 2. Nf3 d5 3. exd5 exd5 4. d4 Nc6 5. Bb5 Bd6 6. c4 dxc4 7. O-O Nge7 8.
Bxc4 O-O 9. h3 a6 10. Nc3 b5 11. Bb3 Bf5 12. Re1 Na5 13. Bc2 Bxc2 14. Qxc2 Qd7
15. Bg5 Qf5 16. Rac1 Qxc2 17. Rxc2 f6 18. Bd2 Nc4 19. Bc1 Rfe8 20. a4 Bb4 21.
b3 Na5 22. axb5 Nxb3 23. Be3 axb5 24. Rb1 Ra1 25. Nd2 Rxb1+ 26. Ndxb1 c6 27.
Rb2 Bxc3 28. Nxc3 Na5 29. d5 Nc4 30. Rb1 Nxd5 31. Nxd5 cxd5 32. Rxb5 Rd8 33.
Bd4 Rd7 34. g4 Ne5 35. Bxe5 fxe5 36. Kg2 Kf7 37. Kf3 Ke6 38. Rb6+ Rd6 39. Rb7
Kf6 40. g5+ Kg6 41. Re7 d4 42. Ke2 d3+ 43. Kd2 Rd5 44. h4 h5 45. gxh6 gxh6 46.
Re6+ Kf5 47. Rxh6 Ke4 48. Rf6 Rd4 49. h5 Kd5 50. h6 Rh4 51. Kxd3 Rh3+ 52. Ke2
e4 53. Kf1 Ke5 54. Kg2 Rh5 55. Ra6 Kf4 56. Rb6 Rg5+ 57. Kf1 Rh5 58. Ke2 Rh2 59.
Rf6+ Ke5 60. Rb6 Kf4 61. Ke1 Rh1+ 62. Kd2 Rh2 63. Ke2 1/2-1/2

[Event "XXXVII Olimpiadi"]
[Site "Torino ITA"]
[Date "2006.05.29"]
[Round "8.4"]
[White "Lima, Darcy"]
[Black "Le, Quang Liem"]
[Result "0-1"]
[WhiteElo "2489"]
[BlackElo "2473"]
[Annotator "VIE-BRA"]
[PlyCount "86"]
[EventDate "2006.05.21"]

1. e4 c5 2. Nf3 d6 3. Bb5+ Nd7 4. c3 Ngf6 5. Qe2 a6 6. Ba4 e5 7. O-O Be7 8. d4
b5 9. Bc2 O-O 10. a4 Bb7 11. dxe5 dxe5 12. b3 Qc7 13. c4 b4 14. Bb2 Bd6 15. Rd1
Nb8 16. Rxd6 Qxd6 17. Bxe5 Qe7 18. Nbd2 Nc6 19. Bb2 Rfe8 20. Re1 Rad8 21. h3
Nd7 22. Nf1 f6 23. Ne3 Nde5 24. Nd5 Qf7 25. Nh4 Nd4 26. Bxd4 cxd4 27. Qd1 d3
28. Bb1 Bxd5 29. exd5 Qa7 30. Re4 g6 31. Bxd3 f5 32. Re3 Qd4 33. Nf3 Nxf3+ 34.
Rxf3 Re5 35. Qd2 a5 36. Qg5 Rde8 37. Kh2 Kg7 38. h4 Qa1 39. h5 Re1 40. h6+ Kh8
41. Kg3 Qe5+ 42. Qf4 Qf6 43. Qh4 g5 0-1

[Event "XXXVII Olimpiadi"]
[Site "Torino ITA"]
[Date "2006.05.29"]
[Round "8.3"]
[White "Shaw, John Kerr"]
[Black "Moradiabadi, Elshan"]
[Result "1/2-1/2"]
[WhiteElo "2439"]
[BlackElo "2490"]
[Annotator "SCO-IRI"]
[PlyCount "32"]
[EventDate "2006.05.21"]

1. e4 c5 2. Nf3 d6 3. Bb5+ Nd7 4. d4 Ngf6 5. Nc3 cxd4 6. Qxd4 e5 7. Qd3 h6 8.
Be3 Be7 9. Bc4 a6 10. a4 O-O 11. Nh4 Kh7 12. Nf5 Nc5 13. Bxc5 Bxf5 14. exf5
dxc5 15. Rd1 Qxd3 16. Rxd3 e4 1/2-1/2

[Event "XXXVII Olimpiadi"]
[Site "Torino ITA"]
[Date "2006.05.29"]
[Round "8.3"]
[White "Zelcic, Robert"]
[Black "Savic, Miodrag R."]
[Result "1-0"]
[WhiteElo "2525"]
[BlackElo "2524"]
[Annotator "CRO-SCG"]
[PlyCount "76"]
[EventDate "2006.05.21"]

1. e4 d5 2. exd5 Qxd5 3. Nc3 Qa5 4. d4 Nf6 5. Bc4 c6 6. Nge2 Nbd7 7. O-O e6 8.
Ng3 Be7 9. Nce4 Nxe4 10. Nxe4 Nf6 11. Qe2 Nxe4 12. Qxe4 Bf6 13. c3 O-O 14. Bf4
Rd8 15. Rfe1 Bd7 16. a4 Re8 17. Qf3 Qd8 18. Bd3 g6 19. a5 Bg7 20. Qg3 Bf6 21.
h3 Qe7 22. Re4 Qf8 23. h4 c5 24. Bd6 Be7 25. dxc5 Bxd6 26. cxd6 Bc6 27. a6 bxa6
28. Rc4 Bd5 29. Rc7 e5 30. Rxa6 e4 31. Bf1 e3 32. fxe3 Rad8 33. c4 Be4 34. c5
Rb8 35. Raxa7 Bd5 36. Qg5 Be6 37. Rcb7 Rxb7 38. Rxb7 Ra8 1-0

[Event "XXXVII Olimpiadi"]
[Site "Torino ITA"]
[Date "2006.05.29"]
[Round "8.1"]
[White "Elbilia, Jacques"]
[Black "Mas, Hafizulhelmi"]
[Result "1/2-1/2"]
[WhiteElo "2333"]
[BlackElo "2412"]
[Annotator "MAR-MAS"]
[PlyCount "25"]
[EventDate "2006.05.21"]

1. d4 d6 2. g3 e5 3. dxe5 dxe5 4. Qxd8+ Kxd8 5. Nc3 Be6 6. f4 exf4 7. Bxf4 Bb4
8. O-O-O+ Nd7 9. Nd5 Ba5 10. Bh3 h6 11. Bxe6 fxe6 12. Ne3 Ngf6 13. Nf3 1/2-1/2

[Event "XXXVII Olimpiadi"]
[Site "Torino ITA"]
[Date "2006.05.29"]
[Round "8.2"]
[White "Croes, Octavio"]
[Black "Hook, William"]
[Result "0-1"]
[WhiteElo "2022"]
[BlackElo "2109"]
[Annotator "IVB-ARU"]
[PlyCount "72"]
[EventDate "2006.05.21"]

1. Nc3 g6 2. e4 Bg7 3. d4 d6 4. Be3 Nf6 5. h3 b6 6. Nf3 Bb7 7. e5 Nfd7 8. e6
fxe6 9. Ng5 Nf8 10. Qg4 e5 11. Bc4 Qd7 12. Bb5 c6 13. Qf3 e6 14. Bd3 exd4 15.
Nce4 dxe3 16. Nf6+ Bxf6 17. Qxf6 Qe7 18. Qxh8 exf2+ 19. Kxf2 Qxg5 20. Rhf1 c5
21. Ke1 Nbd7 22. Bb5 O-O-O 23. Rf7 Qe5+ 24. Qxe5 Nxe5 25. Re7 c4 26. b3 d5 27.
Kf2 g5 28. bxc4 a6 29. a4 axb5 30. axb5 Neg6 31. Rf7 Rd7 32. Rf6 dxc4 33. Ke3
Bxg2 34. Rg1 Bxh3 35. Rxg5 Bf5 36. Rg2 Kd8 0-1

[Event "XXXVII Olimpiadi"]
[Site "Torino ITA"]
[Date "2006.05.30"]
[Round "9.1"]
[White "Williams, Leighton"]
[Black "Arab, Adlane"]
[Result "1-0"]
[WhiteElo "2348"]
[BlackElo "2424"]
[Annotator "WLS-ALG"]
[PlyCount "101"]
[EventDate "2006.05.21"]

1. d4 Nf6 2. c4 e6 3. Nc3 Bb4 4. Qc2 d5 5. cxd5 exd5 6. Bg5 h6 7. Bh4 c5 8.
dxc5 g5 9. Bg3 Ne4 10. e3 Qa5 11. Nge2 Bf5 12. Be5 O-O 13. Nd4 Bg6 14. Nb3 Qd8
15. Bd3 Nc6 16. Bd6 Bxc5 17. Bxc5 Nxc5 18. Bxg6 Nb4 19. Qd1 Nxb3 20. Qxb3 d4
21. Qxb4 dxc3 22. Rd1 Qf6 23. Bb1 cxb2 24. O-O a5 25. Qe4 Rfd8 26. a4 Rac8 27.
h3 Rxd1 28. Rxd1 Rc1 29. Qd3 b5 30. axb5 a4 31. Kh2 a3 32. Ba2 Kg7 33. Qb3 Rc3
34. Qd5 Rc1 35. b6 Rxd1 36. Qxd1 Qe5+ 37. g3 Qb5 38. Qf3 Qd7 39. Qe4 Qb5 40. g4
Qxb6 41. Qd4+ Qf6 42. Kg3 Kg6 43. Bb1+ Kg7 44. Kg2 Qxd4 45. exd4 f5 46. gxf5
Kf6 47. Kf3 h5 48. Kg3 a2 49. Bxa2 Kxf5 50. Bb1+ Ke6 51. h4 1-0

[Event "XXXVII Olimpiadi"]
[Site "Torino ITA"]
[Date "2006.05.30"]
[Round "9.3"]
[White "Rowe, Duane"]
[Black "Pazos Gambarrotti, Plinio"]
[Result "1/2-1/2"]
[WhiteElo "2160"]
[BlackElo "2371"]
[Annotator "JAM-ECU"]
[PlyCount "160"]
[EventDate "2006.05.21"]

1. e4 e5 2. Nf3 Nc6 3. Bb5 f5 4. Nc3 Nf6 5. d3 d6 6. Bg5 Be7 7. Qd2 O-O 8. h4
Be6 9. Bxf6 Bxf6 10. Ng5 Bxg5 11. hxg5 f4 12. Rh5 g6 13. Rh2 Qxg5 14. O-O-O Rf7
15. Rdh1 Nd4 16. Bc4 c6 17. Kb1 b5 18. Bxe6 Nxe6 19. f3 a5 20. Nd1 b4 21. Nf2
h5 22. Rh3 Qxg2 23. Qe1 Qg5 24. Rxh5 gxh5 25. Rg1 Rg7 26. Rxg5 Rxg5 27. c3 Kf7
28. Nd1 Rag8 29. Qh4 R8g6 30. Kc2 a4 31. d4 bxc3 32. bxc3 exd4 33. Kd3 dxc3 34.
Nxc3 a3 35. Ne2 Rb5 36. Nxf4 Nxf4+ 37. Qxf4+ Rf6 38. Qe3 h4 39. f4 Rh5 40. Qa7+
Kg8 41. Qe7 Rhh6 42. e5 dxe5 43. fxe5 Rf7 44. Qg5+ Kh7 45. e6 Rxe6 46. Qxh4+
Rh6 47. Qe4+ Rg6 48. Kc4 Rff6 49. Kc5 Kg7 50. Qe5 Kg8 51. Qe8+ Kh7 52. Qe4 Re6
53. Qf5 Kg7 54. Qf4 Rgf6 55. Qc7+ Rf7 56. Qg3+ Rg6 57. Qe5+ Rff6 58. Qc7+ Kg8
59. Qb8+ Rf8 60. Qe5 Rf3 61. Qb8+ Kg7 62. Qc7+ Rf7 63. Qe5+ Rgf6 64. Qg3+ Kf8
65. Qxa3 Re7 66. Kb6 Ke8 67. Qc5 Rfe6 68. a4 Re5 69. Qxc6+ Kf7 70. Qf3+ Kg6 71.
Qg3+ Kf6 72. Qh4+ Ke6 73. a5 Kd5 74. a6 R7e6+ 75. Kb7 Re7+ 76. Kb6 R7e6+ 77.
Kb7 Re7+ 78. Kb6 R7e6+ 79. Kb7 Re7+ 80. Kb6 R7e6+ 1/2-1/2

[Event "XXXVII Olimpiadi"]
[Site "Torino ITA"]
[Date "2006.05.30"]
[Round "9.2"]
[White "Neumann, Han H.W.M."]
[Black "Moussa, Alaa-Eddine"]
[Result "0-1"]
[WhiteElo "2100"]
[BlackElo "2207"]
[Annotator "PLE-AHO"]
[PlyCount "114"]
[EventDate "2006.05.21"]

1. e4 c6 2. d4 d5 3. e5 c5 4. Nf3 Bg4 5. Nc3 e6 6. Be3 Nc6 7. Bb5 Nge7 8. dxc5
a6 9. Ba4 Nf5 10. Bd4 Nh4 11. Rg1 Qa5 12. Qd3 Bxf3 13. gxf3 Nf5 14. a3 Nfxd4
15. b4 Qxa4 16. Nxa4 Nxe5 17. Qc3 Ndxf3+ 18. Kf1 d4 19. Qb2 Nxg1 20. Kxg1 Be7
21. Nb6 Rd8 22. f4 Nd7 23. Nc4 O-O 24. Rd1 Bf6 25. Qb3 Nb8 26. Nd6 Rd7 27. Qf3
b6 28. Ne4 bxc5 29. Nxf6+ gxf6 30. bxc5 Rc8 31. f5 e5 32. Kh1 Rxc5 33. Qh5 Kf8
34. Qxh7 Ke7 35. Rd2 Rdc7 36. Qg8 Nd7 37. Qg2 Nb6 38. h4 Nc4 39. Re2 Ne3 40.
Qa8 Nxf5 41. Rg2 Rxc2 42. Rxc2 Rxc2 43. Qb8 Rc1+ 44. Kh2 Nxh4 45. Qb4+ Ke8 46.
Qb8+ Ke7 47. Qb4+ Ke6 48. Qb6+ Kf5 49. Qxa6 Nf3+ 50. Kg3 Rc3 51. Qa5 Nd2+ 52.
Kf2 Kf4 53. a4 Ne4+ 54. Ke2 d3+ 55. Kd1 Rc2 56. Qb4 Kf3 57. Qb7 Rg2 0-1

[Event "XXXVII Olimpiadi"]
[Site "Torino ITA"]
[Date "2006.05.31"]
[Round "10.2"]
[White "Lim, Yee-Weng"]
[Black "Torre, Eugenio"]
[Result "1/2-1/2"]
[WhiteElo "2330"]
[BlackElo "2543"]
[Annotator "PHI-MAS"]
[PlyCount "51"]
[EventDate "2006.05.21"]

1. e4 Nf6 2. e5 Nd5 3. d4 d6 4. c4 Nb6 5. exd6 exd6 6. Nc3 Be7 7. Bd3 O-O 8.
Nge2 Bg4 9. f3 Bh4+ 10. Ng3 Re8+ 11. Nce2 Bd7 12. O-O Nc6 13. b3 g6 14. d5 Ne5
15. Bb2 Bf6 16. Bd4 Bg7 17. Qd2 Qh4 18. Bc2 f5 19. a4 a5 20. Rfe1 Re7 21. Rad1
Bh6 22. Qc3 f4 23. Ne4 Bg7 24. Qd2 g5 25. Bf2 Qh6 26. h4 1/2-1/2

[Event "XXXVII Olimpiadi"]
[Site "Torino ITA"]
[Date "2006.05.31"]
[Round "10.4"]
[White "Heidenfeld, Mark"]
[Black "Steadman, Michael"]
[Result "1/2-1/2"]
[WhiteElo "2365"]
[BlackElo "2262"]
[Annotator "NZL-IRL"]
[PlyCount "43"]
[EventDate "2006.05.21"]

1. e4 e6 2. d4 d5 3. Nc3 Bb4 4. Nge2 dxe4 5. a3 Be7 6. Nxe4 Nf6 7. Qd3 Nbd7 8.
Bf4 Nxe4 9. Qxe4 Nf6 10. Qd3 Bd7 11. Nc3 O-O 12. Be2 Bc6 13. O-O h6 14. Rad1
Bd6 15. Bg3 Re8 16. f4 a6 17. Bh4 Be7 18. f5 exf5 19. Qxf5 Qd7 20. Qxd7 Bxd7
21. Bc4 Bg4 22. Rd2 1/2-1/2

[Event "XXXVII Olimpiadi"]
[Site "Torino ITA"]
[Date "2006.05.31"]
[Round "10.1"]
[White "Ronchetti, Niccolo'"]
[Black "David, Alberto"]
[Result "1/2-1/2"]
[WhiteElo "2419"]
[BlackElo "2580"]
[Annotator "ITA2-LUX"]
[PlyCount "99"]
[EventDate "2006.05.21"]

1. e4 c5 2. Nf3 e6 3. c3 Nf6 4. e5 Nd5 5. d4 cxd4 6. cxd4 d6 7. Bc4 Nc6 8. O-O
Be7 9. exd6 Qxd6 10. Nc3 O-O 11. Re1 Rd8 12. Bxd5 exd5 13. Nb5 Qg6 14. Ne5 Nxe5
15. Rxe5 Bf6 16. Re1 Bg4 17. Qb3 Kh8 18. Bf4 a6 19. Nd6 Be6 20. Nxb7 Rdc8 21.
Qe3 Rc4 22. Rad1 h5 23. Be5 Bg4 24. Rd2 Bxe5 25. Qxe5 Bf3 26. Qg3 Qh6 27. Rd3
Rc1 28. Rde3 Rxe1+ 29. Rxe1 Qd2 30. Qe5 Be4 31. Qxh5+ Kg8 32. Rd1 Qxb2 33. Nd6
Bg6 34. Qxd5 Rb8 35. h3 Qe2 36. Qf3 Qe6 37. Qf4 Rb6 38. Nxf7 Qxf7 39. Qh4 Qf6
40. Qg3 Rd6 41. Qe3 Bf7 42. a3 Bd5 43. Rc1 Qg6 44. f3 Rf6 45. Kh2 Rf5 46. Rc5
Qd6+ 47. Kg1 Qg6 48. Kh2 Qd6+ 49. Kg1 Qg6 50. Kh2 1/2-1/2

[Event "XXXVII Olimpiadi"]
[Site "Torino ITA"]
[Date "2006.05.31"]
[Round "10.2"]
[White "Georgiev, Veselin"]
[Black "Haddouche, Mohamed"]
[Result "1-0"]
[WhiteElo "2310"]
[BlackElo "2279"]
[Annotator "ALG-ICSC"]
[PlyCount "109"]
[EventDate "2006.05.21"]

1. e4 e5 2. Nf3 Nc6 3. Bb5 a6 4. Ba4 Nf6 5. d3 d6 6. c3 Be7 7. Nbd2 O-O 8. O-O
b5 9. Bb3 Nb8 10. Re1 Nbd7 11. Nf1 Nc5 12. Bc2 Re8 13. Ng3 Bf8 14. b4 Ncd7 15.
Bb3 h6 16. a4 Bb7 17. c4 c6 18. Bd2 d5 19. axb5 axb5 20. c5 g6 21. Qc1 Rxa1 22.
Qxa1 Bg7 23. Bc3 d4 24. Bd2 Qc7 25. Qc1 h5 26. Bh6 Nf8 27. Bxg7 Kxg7 28. Nf5+
gxf5 29. Qg5+ Ng6 30. exf5 Nh7 31. Qg3 Nhf8 32. fxg6 Nxg6 33. Ng5 h4 34. Qf3 f6
35. Bf7 Qxf7 36. Nxf7 Kxf7 37. Ra1 Re7 38. Ra7 Bc8 39. Ra8 Rc7 40. g3 h3 41.
Qh5 Kg7 42. Rxc8 Rxc8 43. Qxh3 Ne7 44. Qd7 Kf7 45. h4 Ra8 46. f4 Ra3 47. f5
Rxd3 48. Qe6+ Ke8 49. Qxf6 Rxg3+ 50. Kf2 Rg4 51. Qxe5 Kf8 52. Kf3 Rg1 53. Qxd4
Rf1+ 54. Kg4 Rxf5 55. Qd8+ 1-0

[Event "XXXVII Olimpiadi"]
[Site "Torino ITA"]
[Date "2006.05.31"]
[Round "10.4"]
[White "Simonenko, Sergey"]
[Black "Kreisl, Robert"]
[Result "1-0"]
[WhiteElo "2409"]
[BlackElo "2288"]
[Annotator "AUT-TKM"]
[PlyCount "121"]
[EventDate "2006.05.21"]

1. d4 Nf6 2. Nf3 g6 3. Nbd2 d5 4. e3 Bg7 5. b4 O-O 6. c4 c6 7. Be2 Nbd7 8. Bb2
a5 9. b5 c5 10. O-O cxd4 11. Bxd4 Re8 12. cxd5 Nxd5 13. Bxg7 Kxg7 14. Nc4 N7f6
15. Qd4 Nb4 16. Qc3 Be6 17. a3 Nbd5 18. Qd4 Nc7 19. Nb6 Qxd4 20. Nxd4 Rad8 21.
Rfc1 Nfd5 22. Nc4 Bd7 23. Nxa5 e5 24. Ndb3 Bxb5 25. Bxb5 Nxb5 26. Nxb7 Rb8 27.
N7c5 Nbc3 28. Rc2 Na4 29. Nxa4 Rxb3 30. Nc5 Rc3 31. Rxc3 Nxc3 32. a4 Rc8 33.
Nb3 Rb8 34. Nd2 Rb2 35. Nc4 Rb4 36. Nxe5 Nxa4 37. g3 Re4 38. Nf3 Rb4 39. h4 h6
40. Rc1 Rb7 41. Rc6 Nb6 42. h5 gxh5 43. Nh4 f6 44. Rc5 Nd7 45. Rxh5 Ne5 46. e4
Nf7 47. Kg2 Rb4 48. f3 Rb2+ 49. Kh3 Rb3 50. Rc5 Ne5 51. Nf5+ Kf8 52. Rc8+ Kf7
53. Rc7+ Kf8 54. f4 Nd3 55. Kh4 Nf2 56. Kh5 Ke8 57. Kxh6 Kd8 58. Rc4 Nh1 59.
Kg6 Nxg3 60. Nxg3 Rxg3+ 61. Kxf6 1-0

[Event "XXXVII Olimpiadi"]
[Site "Torino ITA"]
[Date "2006.05.31"]
[Round "10.3"]
[White "Karim, Ismael"]
[Black "Molina, Fabrizio"]
[Result "1-0"]
[WhiteElo "2250"]
[BlackElo "2290"]
[Annotator "MAR-ITA3"]
[PlyCount "99"]
[EventDate "2006.05.21"]

1. e4 e6 2. d4 d5 3. Nc3 Bb4 4. exd5 exd5 5. Bd3 Ne7 6. Qh5 Qd6 7. Nge2 Ng6 8.
O-O c6 9. f4 Nd7 10. f5 Nf6 11. Qf3 Ne7 12. Bf4 Qd8 13. Be5 Bd7 14. Nf4 Nxf5
15. Bxf6 Qxf6 16. Nfxd5 cxd5 17. Bxf5 Qxd4+ 18. Kh1 Bxf5 19. Qxf5 O-O 20. Rf4
Qc5 21. Nxd5 g6 22. Qe4 Bd2 23. Qe5 Qxd5 24. Qxd5 Bxf4 25. Qxb7 Rab8 26. Qe4
Bh6 27. b3 Rfe8 28. Qh4 Bg7 29. Rd1 h5 30. Qf2 Rb7 31. c4 Rbe7 32. Rf1 f5 33.
a4 Re2 34. Qg3 Kh7 35. c5 f4 36. Qxf4 Rf8 37. Qc1 Rc2 38. Qd1 Rxf1+ 39. Qxf1
Rxc5 40. g3 a5 41. Qe1 Rf5 42. Kg2 Bf8 43. h3 Bb4 44. Qe6 Kg7 45. g4 hxg4 46.
hxg4 Rc5 47. Kf3 g5 48. Ke4 Kf8 49. Kd4 Kg7 50. Qe7+ 1-0

[Event "XXXVII Olimpiadi"]
[Site "Torino ITA"]
[Date "2006.05.31"]
[Round "10.1"]
[White "Antoniou, Antonis"]
[Black "Righi, Ezio"]
[Result "1/2-1/2"]
[WhiteElo "2188"]
[BlackElo "2122"]
[Annotator "CYP-SMR"]
[PlyCount "85"]
[EventDate "2006.05.21"]

1. e4 c5 2. Nf3 e6 3. d4 cxd4 4. Nxd4 a6 5. Bd3 Bc5 6. Nb3 Ba7 7. Qe2 d6 8. Be3
Nc6 9. O-O Nf6 10. Bxa7 Rxa7 11. c4 e5 12. Nc3 Be6 13. Rac1 O-O 14. Qe3 b6 15.
Nd5 Bxd5 16. cxd5 Nb8 17. h3 Rc7 18. Rxc7 Qxc7 19. Rc1 Qb7 20. Nd2 b5 21. b4
Nfd7 22. Nb3 Rc8 23. Na5 Rxc1+ 24. Qxc1 Qb6 25. Qc8+ Nf8 26. Be2 Nbd7 27. Bg4
Nf6 28. Nc6 g6 29. Bf3 N6d7 30. g4 h6 31. h4 Kg7 32. g5 hxg5 33. hxg5 Nc5 34.
bxc5 Qxc5 35. Ne7 Qa3 36. Kg2 Qxa2 37. Qh3 Nh7 38. Qh6+ Kh8 39. Bh5 Qd2 40.
Bxg6 fxg6 41. Nxg6+ Kg8 42. Ne7+ Kh8 43. Ng6+ 1/2-1/2

[Event "XXXVII Olimpiadi"]
[Site "Torino ITA"]
[Date "2006.05.31"]
[Round "10.2"]
[White "Campos, Eugenio"]
[Black "Yarmonov, Igor"]
[Result "0-1"]
[WhiteElo "2263"]
[BlackElo "2277"]
[Annotator "IPCA-ANG"]
[PlyCount "183"]
[EventDate "2006.05.21"]

1. e4 e5 2. Nf3 Nc6 3. Bb5 a6 4. Ba4 Nf6 5. d3 Bc5 6. O-O d6 7. c3 b5 8. Bb3
Bb6 9. Nbd2 O-O 10. h3 h6 11. Re1 Re8 12. Nf1 Na5 13. Bc2 c5 14. Ng3 Nc6 15.
Nh4 Kh7 16. Nhf5 Ne7 17. Nxe7 Qxe7 18. f4 Ng8 19. Qf3 Qh4 20. Be3 Ra7 21. fxe5
dxe5 22. b4 Qe7 23. Nf5 Bxf5 24. Qxf5+ g6 25. Qf2 Rc7 26. a4 Rc6 27. axb5 axb5
28. Ra6 Rf6 29. Qg3 Qc7 30. bxc5 Bxc5 31. Rxf6 Nxf6 32. d4 Bd6 33. Qh4 Ng8 34.
Rf1 Rf8 35. Qf2 Qxc3 36. Rb1 b4 37. Bb3 Qd3 38. Bc2 Qb5 39. Bb3 Kg7 40. dxe5
Bxe5 41. Bc5 Rc8 42. Qxf7+ Kh8 43. Bf2 Qd3 44. Re1 Nf6 45. Be6 Re8 46. Bc4 Qc3
47. Re3 Qc1+ 48. Bf1 Rd8 49. Rf3 Nxe4 50. Bb6 Ng5 51. Qe7 Nxf3+ 52. gxf3 Bh2+
53. Kxh2 Qf4+ 54. Kg2 Rd2+ 55. Bf2 b3 56. Qe8+ Kh7 57. Qe7+ Kh8 58. Qe8+ Kg7
59. Be2 b2 60. Bg3 Qf6 61. Kf2 Qd4+ 62. Kg2 Qf6 63. Kf2 Qb6+ 64. Kg2 Qf6 65.
Kf2 b1=Q 66. Be5 Qbb6+ 67. Ke1 Qbd8 68. Bxf6+ Kxf6 69. Qe3 Rd5 70. Qxh6 Qd6 71.
Kf1 Rh5 72. Qe3 Rxh3 73. Qc3+ Qe5 74. Qxe5+ Kxe5 75. Kg2 Rh4 76. Kg3 g5 77. Bb5
Rb4 78. Bd7 Rf4 79. Bc8 Kd4 80. Bd7 Ke3 81. Bc6 Rc4 82. Bb7 Rc1 83. Kg4 Rg1+
84. Kf5 Rg3 85. Bc6 Kf2 86. Bd5 Kg1 87. Bc6 Kh2 88. Kg6 Rg2 89. Kh5 Rc2 90. Be4
Rg2 91. Kg6 Rg1 92. Bd5 0-1

[Event "XXXVII Olimpiadi"]
[Site "Torino ITA"]
[Date "2006.05.31"]
[Round "10.1"]
[White "Wilkinson, Sinclair"]
[Black "Wojciechowski, Paul"]
[Result "1/2-1/2"]
[WhiteElo "1880"]
[BlackElo "2115"]
[Annotator "ISV-JCI"]
[PlyCount "45"]
[EventDate "2006.05.21"]

1. d4 Nf6 2. Nc3 d5 3. Bg5 Bf5 4. Bxf6 exf6 5. e3 Bb4 6. Bd3 Be6 7. Nge2 Nc6 8.
O-O a6 9. f4 f5 10. a3 Bd6 11. Ng3 g6 12. b4 O-O 13. Qf3 Be7 14. Nce2 Nb8 15.
Rfc1 Nd7 16. c4 Nf6 17. c5 c6 18. Nc3 Qe8 19. Qe2 Bd8 20. a4 Qe7 21. b5 a5 22.
Rab1 Bc7 23. b6 1/2-1/2

[Event "XXXVII Olimpiadi"]
[Site "Torino ITA"]
[Date "2006.06.02"]
[Round "11.4"]
[White "Quesada Perez, Yuniesky"]
[Black "Iuldachev, Saidali"]
[Result "0-1"]
[WhiteElo "2512"]
[BlackElo "2480"]
[Annotator "UZB-CUB"]
[PlyCount "168"]
[EventDate "2006.05.21"]

1. e4 e5 2. Nf3 Nc6 3. Bb5 a6 4. Ba4 Nf6 5. O-O Be7 6. Re1 b5 7. Bb3 d6 8. c3
O-O 9. h3 Na5 10. Bc2 c5 11. d4 Qc7 12. Nbd2 Be6 13. d5 Bd7 14. Nf1 Nc4 15.
N3h2 a5 16. Qe2 Rfb8 17. g4 a4 18. Ng3 Ne8 19. Kh1 Qd8 20. Nf3 Na5 21. Bd2 Nc4
22. Bc1 Na5 23. Bd2 Bf8 24. b3 axb3 25. axb3 Qc8 26. Reb1 c4 27. b4 Nb3 28.
Rxa8 Rxa8 29. Bxb3 cxb3 30. Rxb3 Ra1+ 31. Kg2 g6 32. Rb2 h5 33. Nh2 Nf6 34. f3
Be7 35. Be1 hxg4 36. hxg4 Qa6 37. Bf2 Nh7 38. Rc2 Kg7 39. Be3 Qa4 40. Qd2 Bg5
41. Bxg5 Nxg5 42. Nhf1 f6 43. Ne3 Rg1+ 44. Kxg1 Nxf3+ 45. Kf2 Nxd2 46. Rxd2 Qb3
47. Ne2 Kh6 48. Rd1 Kg5 49. Rg1 Qb2 50. Kf3 Kh6 51. Rh1+ Kg7 52. Rg1 Kf8 53.
Rh1 Kg7 54. Kf2 Qa2 55. Rg1 Bc8 56. Rg3 Qb1 57. Kf3 Qh1+ 58. Rg2 Kf8 59. Kf2
Qb1 60. Kf3 Qd3 61. Rg1 f5 62. gxf5 gxf5 63. exf5 Bxf5 64. Kf2 Qe4 65. Rg3 Ke8
66. Rg8+ Kf7 67. Rg3 Bg6 68. Rf3+ Ke8 69. Ng3 Qd3 70. Rf6 Qd2+ 71. Kf3 Bf7 72.
Rxd6 Qxc3 73. Ngf5 Qxb4 74. Rh6 Qf4+ 75. Ke2 Bxd5 76. Rh8+ Kf7 77. Rh7+ Kg8 78.
Rg7+ Kf8 79. Rd7 Be6 80. Rd8+ Kf7 81. Nd6+ Ke7 82. Nb7 Bc4+ 83. Nxc4 Qxc4+ 84.
Kd2 Qf4+ 0-1

[Event "XXXVII Olimpiadi"]
[Site "Torino ITA"]
[Date "2006.06.02"]
[Round "11.4"]
[White "Hartung, Jerry"]
[Black "Meijers, Viesturs"]
[Result "0-1"]
[WhiteElo "2226"]
[BlackElo "2482"]
[Annotator "LAT-LUX"]
[PlyCount "128"]
[EventDate "2006.05.21"]

1. e4 c5 2. Nf3 e6 3. Nc3 a6 4. d4 cxd4 5. Nxd4 b5 6. Bd3 Bb7 7. O-O Qb6 8. Nb3
Qc7 9. Qe2 Nf6 10. f4 b4 11. Nd1 Be7 12. Bd2 Nc6 13. Kh1 a5 14. c3 Rc8 15. Rc1
Qb8 16. e5 Nd5 17. c4 Nc7 18. Be3 Na6 19. Nf2 Qa8 20. Be4 a4 21. Nd4 Nxd4 22.
Bxd4 O-O 23. b3 Bc5 24. Rfd1 axb3 25. axb3 Bxd4 26. Rxd4 Nc5 27. Qc2 h6 28.
Rcd1 f6 29. Bxb7 Qxb7 30. Nd3 fxe5 31. Nxc5 Rxc5 32. Rxd7 Rc7 33. Rd8 exf4 34.
Qg6 Rcf7 35. Qxe6 Rxd8 36. Rxd8+ Kh7 37. Qd5 Qxd5 38. cxd5 Rc7 39. Kg1 Rc3 40.
d6 Rd3 41. Rb8 Rxd6 42. Rxb4 g5 43. Re4 Rd1+ 44. Kf2 Rb1 45. b4 Kg6 46. Rc4 Kh5
47. h3 Kh4 48. Rc6 Rb2+ 49. Kf3 Rb3+ 50. Kf2 h5 51. Rc4 Rb2+ 52. Kf3 Rd2 53.
Rc1 Rd4 54. Rb1 g4+ 55. hxg4 hxg4+ 56. Kf2 Rd2+ 57. Kf1 Kg3 58. b5 Rf2+ 59. Ke1
Rxg2 60. Rb3+ f3 61. b6 Re2+ 62. Kf1 Rd2 63. Rb1 Rh2 64. Kg1 f2+ 0-1

[Event "XXXVII Olimpiadi"]
[Site "Torino ITA"]
[Date "2006.06.02"]
[Round "11.2"]
[White "Doghri, Nabil"]
[Black "Mahmood Ahmad, Lodhi"]
[Result "1-0"]
[WhiteElo "2364"]
[BlackElo "2355"]
[Annotator "PAK-TUN"]
[PlyCount "124"]
[EventDate "2006.05.21"]

1. e4 e5 2. Bc4 Nc6 3. Nc3 Bc5 4. d3 d6 5. Na4 Bb6 6. Nxb6 axb6 7. f4 exf4 8.
Bxf4 Qf6 9. Qc1 Be6 10. Bb5 Qg6 11. Qd2 Nge7 12. Nf3 O-O 13. O-O f5 14. Ng5 Kh8
15. Nxe6 Qxe6 16. Bc4 Qd7 17. exf5 Rxf5 18. d4 Raf8 19. Rae1 Nd8 20. Bd3 R5f7
21. c3 Ng6 22. Bg3 Rxf1+ 23. Bxf1 Ne6 24. Bc4 Nef4 25. Bb3 h5 26. h3 Qf5 27.
Kh1 Qg5 28. Bxf4 Nxf4 29. Rf1 Rf6 30. Rf2 h4 31. Qe3 Rf8 32. Qe4 c6 33. Bd1 d5
34. Qe3 g6 35. Bg4 Kg7 36. Rf3 Qf6 37. Qf2 g5 38. Qe1 Rf7 39. Re3 b5 40. a3 Qg6
41. Qd2 Nh5 42. Bxh5 Rf1+ 43. Kh2 Qxh5 44. Re5 Kf6 45. Qe3 Rf4 46. Re7 Re4 47.
Rxe4 dxe4 48. Qxe4 Qd1 49. Qf3+ Qxf3 50. gxf3 Ke6 51. Kg2 Kd5 52. b3 c5 53.
dxc5 Kxc5 54. Kf2 Kd5 55. Ke3 Ke5 56. c4 bxc4 57. bxc4 b6 58. a4 Kd6 59. Kd4
Kc6 60. Ke5 Kc5 61. Kf5 Kxc4 62. Kxg5 Kb4 1-0

[Event "XXXVII Olimpiadi"]
[Site "Torino ITA"]
[Date "2006.06.02"]
[Round "11.1"]
[White "Eid, Fadi"]
[Black "Amonatov, Farrukh"]
[Result "0-1"]
[WhiteElo "2361"]
[BlackElo "2569"]
[Annotator "LIB-TJK"]
[PlyCount "100"]
[EventDate "2006.05.21"]

1. e4 c5 2. Nf3 d6 3. Bb5+ Nd7 4. c3 Ngf6 5. Qe2 a6 6. Ba4 c4 7. Bc2 Qc7 8. d4
cxd3 9. Bxd3 e5 10. O-O Be7 11. c4 O-O 12. Nc3 Nc5 13. h3 Be6 14. b3 Rac8 15.
Bd2 Qb8 16. Nd5 Nxd5 17. cxd5 Bd7 18. Rfc1 f5 19. exf5 Nxd3 20. Qxd3 Bxf5 21.
Qe2 Rxc1+ 22. Rxc1 Rc8 23. Nd4 Rxc1+ 24. Bxc1 Bd7 25. Qe4 Qc8 26. Ba3 Kh8 27.
Ne6 Bxe6 28. dxe6 d5 29. Qa4 Bxa3 30. Qxa3 Qxe6 31. Qf8+ Qg8 32. Qd6 e4 33. Kf1
h6 34. Ke2 Qf7 35. Ke3 Qf5 36. Qb8+ Kh7 37. Qxb7 d4+ 38. Kxd4 Qxf2+ 39. Ke5
Qb2+ 40. Kf4 Qf2+ 41. Ke5 e3 42. Qe4+ Kh8 43. Qa8+ Kh7 44. Qe4+ Kg8 45. Qc4+
Kh8 46. g4 e2 47. Qc8+ Kh7 48. Qc2+ Kg8 49. Qc8+ Qf8 50. Qe6+ Qf7 0-1

[Event "XXXVII Olimpiadi"]
[Site "Torino ITA"]
[Date "2006.06.02"]
[Round "11.1"]
[White "Kobese, Watu"]
[Black "Krylov, Sergey"]
[Result "1/2-1/2"]
[WhiteElo "2390"]
[BlackElo "2387"]
[Annotator "RSA-IBCA"]
[PlyCount "125"]
[EventDate "2006.05.21"]

1. e4 c5 2. Nf3 e6 3. d4 cxd4 4. Nxd4 a6 5. Nc3 b5 6. Bd3 Qb6 7. Nf3 Nc6 8. O-O
Qb8 9. Re1 d6 10. a4 b4 11. Nb1 Nf6 12. Nbd2 Be7 13. Nc4 O-O 14. a5 Nd7 15. Bf4
Nce5 16. Bf1 Nxc4 17. Bxc4 Bb7 18. Qd2 Nc5 19. Bd3 e5 20. Be3 Nxd3 21. cxd3 d5
22. Bb6 Re8 23. Rac1 Bd6 24. Nh4 g6 25. Qh6 Bf8 26. Qg5 Be7 27. Qg3 Rc8 28. Nf5
Bf8 29. d4 dxe4 30. dxe5 Rc6 31. Rcd1 Re6 32. Rd8 Qxd8 33. Bxd8 Rxd8 34. Ne3
Bg7 35. Ng4 Rd3 36. Qf4 Bc6 37. h4 h5 38. Nf6+ Bxf6 39. exf6 Rdd6 40. Qc1 Rxf6
41. Rd1 Rd3 42. Re1 b3 43. Re2 Bd5 44. Qg5 Rf5 45. Qh6 Bc6 46. Qc1 Rf6 47. Qc5
Kg7 48. Qe5 Rd5 49. Qc3 Rd3 50. Qc5 Rd5 51. Qb4 Rd3 52. Re1 Rf5 53. Rc1 Rf6 54.
Kh2 Rf4 55. Qe7 Rf6 56. Qe5 Rdd6 57. Rc3 Rde6 58. Qd4 Rd6 59. Qe3 Bd5 60. Rc5
Kh7 61. Kg1 Be6 62. Rc1 Rd5 63. Qxb3 1/2-1/2